Statistics for Complete the Film Title

Click here to take the quiz!

General Stats

  • This quiz has been taken 1,151 times
  • The average score is 18 of 25

Answer Stats

HintAnswer% Correct
Schindler's_______List
93%
Pulp______Fiction
92%
The Fast &________Furious
85%
Pride &_________Prejudice
85%
Sleapless in_________Seattle
83%
Pirates of the________Caribbean
80%
Cheaper by the________Dozen
80%
Basic________Instinct
80%
Walk the_______Line
80%
The Curious Case of__________Benjamin Button
79%
High School______Musical
79%
Texas Chainsaw__________Massacre
78%
The Fault in our_______Stars
73%
Some Like it_______Hot
72%
The Princess & the_______Frog
68%
What Lies_______Beneath
65%
The Panic______Room
65%
The Time Traveller's_______Wife
63%
The Full_______Monty
59%
Along came________Polly
58%
A Good Day to Die______Hard
57%
Project___X
52%
The Witches of______Eastwick
51%
Sliding_________Doors
46%
Charlie St.________Cloud
38%

Score Distribution

Percentile by Number Answered

Percent of People with Each Score

Your Score History

You have not taken this quiz